[Event "ROM-ch U10"]
[Site "Calimanesti Caciulata"]
[Date "2019.04.22"]
[Round "9"]
[White "Finta, Marc Alexandru"]
[Black "Savin, Mihai"]
[Result "0-1"]
[WhiteElo "1103"]
[BlackElo "1162"]
[PlyCount "66"]
[EventDate "2019.04.15"]
[EventType "swiss"]
[EventRounds "9"]
[EventCountry "ROU"]
[SourceTitle "CBM 190 Extra"]
[Source "ChessBase"]
[SourceDate "2019.07.15"]
[SourceVersion "1"]
[SourceVersionDate "2019.07.15"]
[SourceQuality "1"]

1. d4 e6 2. c4 f5 3. Nf3 Nf6 4. Nc3 Bb4 5. Bf4 0-0 6. e3 b6 7. Be2 Bb7 8. 0-0 d6 9. Bg5 Bxc3 10. bxc3 Nbd7 11. Qb3 Rb8 12. c5 Bxf3 13. Bxf3 bxc5 14. Qxe6+ Kh8 15. Qxf5 cxd4 16. cxd4 c5 17. Qd3 cxd4 18. Qxd4 Qb6 19. Qxb6 Rxb6 20. Rab1 Rfb8 21. Rxb6 Rxb6 22. Rc1 h6 23. Bf4 g5 24. Bg3 h5 25. h4 g4 26. Be2 Ne4 27. Rc8+ Kg7 28. Rc7 Nec5 29. Rxa7 Kg6 30. f3 Nf6 31. Ra3 Rb1+ 32. Kf2 Nce4+ 33. fxe4 Nxe4# 0-1

[Event "ROM-ch U10"]
[Site "Calimanesti Caciulata"]
[Date "2019.04.17"]
[Round "4"]
[White "Iordachescu, George Matei"]
[Black "Finta, Marc Alexandru"]
[Result "1/2-1/2"]
[WhiteElo "1227"]
[BlackElo "1103"]
[PlyCount "78"]
[EventDate "2019.04.15"]
[EventType "swiss"]
[EventRounds "9"]
[EventCountry "ROU"]
[SourceTitle "CBM 190 Extra"]
[Source "ChessBase"]
[SourceDate "2019.07.15"]
[SourceVersion "1"]
[SourceVersionDate "2019.07.15"]
[SourceQuality "1"]

1. e4 e6 2. d4 d5 3. exd5 exd5 4. Nf3 Nc6 5. Be2 Nf6 6. 0-0 Bd6 7. Bg5 0-0 8. c3 Be7 9. Qc2 Ne4 10. Bxe7 Qxe7 11. Bd3 Bf5 12. Re1 Qf6 13. Nbd2 Nxd2 14. Qxd2 Bxd3 15. Qxd3 Rfe8 16. Qb5 Qd6 17. h3 a6 18. Qd3 h6 19. Kf1 Re6 20. Rxe6 fxe6 21. Re1 Re8 22. Ne5 Nxe5 23. Rxe5 c5 24. Qg6 Qd7 25. dxc5 Qb5+ 26. Kg1 Qd7 27. Qd3 Qc7 28. Qe3 Qc6 29. f4 Kf7 30. f5 exf5 31. Rxf5+ Kg6 32. Qf2 Qe6 33. Rf3 Qe1+ 34. Qxe1 Rxe1+ 35. Rf1 Re2 36. Rf2 Re1+ 37. Kh2 Rd1 38. Kg3 d4 39. cxd4 Rxd4 1/2-1/2

[Event "ROM-ch U10"]
[Site "Calimanesti Caciulata"]
[Date "2019.04.16"]
[Round "2"]
[White "Radu, Teodor"]
[Black "Finta, Marc Alexandru"]
[Result "0-1"]
[WhiteElo "1336"]
[BlackElo "1103"]
[PlyCount "57"]
[EventDate "2019.04.15"]
[EventType "swiss"]
[EventRounds "9"]
[EventCountry "ROU"]
[SourceTitle "CBM 190 Extra"]
[Source "ChessBase"]
[SourceDate "2019.07.15"]
[SourceVersion "1"]
[SourceVersionDate "2019.07.15"]
[SourceQuality "1"]

1. d4 Nf6 2. Nf3 d5 3. e3 Nc6 4. Bd3 Bg4 5. Nbd2 e5 6. dxe5 Nxe5 7. Be2 Nxf3+ 8. Nxf3 Bc5 9. 0-0 0-0 10. b3 Ne4 11. Bb2 Re8 12. Nd4 Bxe2 13. Qxe2 Bxd4 14. Bxd4 c5 15. Bb2 d4 16. Qg4 Nf6 17. Qg3 Qb6 18. exd4 cxd4 19. Rad1 Rad8 20. Rd3 a5 21. Rfd1 a4 22. Bxd4 Rxd4 23. h3 Rxd3 24. Rxd3 h6 25. Rd6 Re1+ 26. Kh2 Qc7 27. Qf4 Ne4 28. Rf6 Qxf4+ 29. Rxf4 0-1